Synthesis and physico-chemical study of multifunctional cardo epoxy resin and its jute fiber reinforced silica filled and unfilled composites (Record no. 70140)

MARC details
000 -LEADER
fixed length control field 01500nam a2200205Ia 4500
100 ## - MAIN ENTRY--AUTHOR NAME
Personal name Patel PJignesh
245 #0 - TITLE STATEMENT
Title Synthesis and physico-chemical study of multifunctional cardo epoxy resin and its jute fiber reinforced silica filled and unfilled composites
260 ## - PUBLICATION, DISTRIBUTION, ETC. (IMPRINT)
Name of publisher Journal of Polymer Materials
Year of publication 2013
300 ## - PHYSICAL DESCRIPTION
Number of Pages 53-64
520 ## - SUMMARY, ETC.
Summary, etc Multifunctional epoxy resin (EBCF) was synthesized by in situ alkali catalyzed condensation of bisphenol-C, formaldehyde and epichlorohydrin and cured using 20;tetrahydrophthalic anhydrid at 100dC. Cured and uncured resins were characterized by FTIR and HNMR spectroscopic techniques, DSC and TGA at 10dCmin-1 heating rate in nitrogen atmosphere. Both EBCF and EBCF- THPA followed multistep and two step functional order decomposition kinetics, respectively. Jute-EBCF and silica filled composites have been fabricated by hand layup technique under 27.58 MPa pressure at 135dC for 4h. tensile and flexural properties are discussed in light of filler content. Chemical resistance of Jute-EBCF composite in water, acid and saline environments were studied at 35dC and it is observed that it possesses excellent chemical resistance even in harsh acid and saline environments.
650 ## - SUBJECT ADDED ENTRY--TOPICAL TERM
Topical Term Composites
650 ## - SUBJECT ADDED ENTRY--TOPICAL TERM
Topical Term Curing
650 ## - SUBJECT ADDED ENTRY--TOPICAL TERM
Topical Term Kinetic parameters
650 ## - SUBJECT ADDED ENTRY--TOPICAL TERM
Topical Term Multifunctional epoxy resin
650 ## - SUBJECT ADDED ENTRY--TOPICAL TERM
Topical Term water absorption
700 ## - ADDED ENTRY--PERSONAL NAME
Personal name Adroja P Pooja
700 ## - ADDED ENTRY--PERSONAL NAME
Personal name Aparsania PH
942 ## - ADDED ENTRY ELEMENTS (KOHA)
Koha item type Journals
Holdings
Withdrawn status Lost status Damaged status Not for loan Home library Current library Shelving location Date acquired Serial Enumeration / chronology Koha item type
      Journals RRII Library RRII Library Rubber technology 22/08/2013 Volume 30, Issue 1 Journals